000 00334nam a22001577a 4500
003 SGT
020 _a978-93-80316-71-0
082 _a611
_bTAN
100 _aTANDON, B.K.
245 _aHUMAN EMBRYOLOGY
250 _a3RD
260 _aINDIA
_bAHUJA PUB.
_c2019
300 _a251
650 _aHUMAN EMBRYOLOGY
942 _2ddc
_cBK
999 _c32873
_d32873